LEADER 01084nam0-22003371i-450- 001 990000518150403321 005 20080204114139.0 010 $a7204-0152-6 035 $a000051815 035 $aFED01000051815 035 $a(Aleph)000051815FED01 035 $a000051815 100 $a20020821d1969----km-y0itay50------ba 101 0 $aeng 105 $aa-------001yy 200 1 $aElectromagnetic and acoustic scattering by simple shapes$fedited by J. J. Bowman, T. B. A. Senior, P. L. E. Uslenghi 210 $aAmsterdam$cNorth-Holland Publishing$d1969 215 $aXVIII, 728 p.$cill.$d24 cm 610 0 $aOnde elettromagnetiche$aDiffusione 610 0 $aSuono$aOnde$aDiffusione 676 $a537.1'2 700 1$aBowman,$bJ.J.$0340446 701 1$aSenior,$bThomas B. A.$027493 701 1$aUslenghi,$bPiergiorgio L. E.$027680 801 0$aIT$bUNINA$gRICA$2UNIMARC 901 $aBK 912 $a990000518150403321 952 $a10 E III 101$b6520$fDINEL 959 $aDINEL 996 $aElectromagnetic and acoustic scattering by simple shapes$9330972 997 $aUNINA LEADER 02753nam0 22005653i 450 001 VAN0248480 005 20230529093848.234 017 70$2N$a9783662620274 100 $a20220722d2020 |0itac50 ba 101 $aeng 102 $aDE 105 $a|||| ||||| 200 1 $aChemometrics with R$eMultivariate Data Analysis in the Natural and Life Sciences$fRon Wehrens 205 $a2. ed 210 $aBerlin$cSpringer$d2020 215 $axvi, 308 p.$cill.$d24 cm 316 $aAll'inventario corrispondono gli e-books dell'annata 2020 del pacchetto Springer in Mathematics and Statistics (inv. da eMF 4503 a eMF 5013)$5IT-IT-CE0120 CONSe-books 410 1$1001VAN0102661$12001 $aUse R!$1210 $aBerlin [etc.]$cSpringer 500 1$3VAN0248481$aChemometrics with R$9248339 606 $a62-XX$xStatistics [MSC 2020]$3VANC022998$2MF 606 $a62H25$xFactor analysis and principal components; correspondence analysis [MSC 2020]$3VANC025575$2MF 606 $a62R07$xStatistical aspects of big data and data science [MSC 2020]$3VANC026514$2MF 606 $a62H30$xClassification and discrimination; cluster analysis (statistical aspects) [MSC 2020]$3VANC028931$2MF 610 $aBoootstrap$9KW:K 610 $aClustering$9KW:K 610 $aLinear regression$9KW:K 610 $aMissing values$9KW:K 610 $aMultidimensional Scaling$9KW:K 610 $aMultivariate curve resolution$9KW:K 610 $aMultivariate statistics$9KW:K 610 $aNeural networks$9KW:K 610 $aNon-Linear regression$9KW:K 610 $aPartial least squares regression$9KW:K 610 $aPrincipal component analysis$9KW:K 610 $aR software$9KW:K 610 $aSsupport vector machines$9KW:K 610 $aStatistical process control$9KW:K 610 $aTime warping$9KW:K 610 $aVariable Selection$9KW:K 620 $dBerlin$3VANL000066 700 1$aWehrens$bRon$3VANV203420$0475506 712 $aSpringer $3VANV108073$4650 801 $aIT$bSOL$c20240614$gRICA 856 4 $uhttp://doi.org/10.1007/978-3-662-62027-4$zE-book ? Accesso al full-text attraverso riconoscimento IP di Ateneo, proxy e/o Shibboleth 912 $fN 912 $aVAN0248480 950 $aBIBLIOTECA DEL DIPARTIMENTO DI MATEMATICA E FISICA$d08CONS e-book 4503 $e08eMF4503 20220722 950 $aBIBLIOTECA DEL DIPARTIMENTO DI MATEMATICA E FISICA$d08CONS e-books $e08DMF640 20220920 All'inventario corrispondono gli e-books dell'annata 2020 del pacchetto Springer in Mathematics and Statistics (inv. da eMF 4503 a eMF 5013) 996 $aChemometrics with R$9248339 997 $aUNICAMPANIA